000 00750 a2200205 4500
999 _c1965
_d1965
020 _a0908307845
050 0 0 _aHD9737 MLA 2000
100 1 _aMlambo, A. S.
_eauthor
245 1 0 _aZimbabwe :
_ba history of manufacturing, 1890-1995 /
_cA.S. Mlambo, E.S. Pangeti, and I. Phimister.
264 _aHarare
_bUniversity of Zimbabwe Publications
_c2000
300 _a132 p. ;
500 _aIncludes index
504 _aIncludes bibliographical references (p. 125-128)
650 0 _aManufacturing industries
_xHistory.
651 _aZimbabwe
700 1 _aPangeti, E. S.
700 1 _aPhimister, I. R.
_q(Ian R.)
942 _2lcc
_cBK
_h9737
_iMLA
_kHD